Statistics for Top 5 Most Famous by First Name: J

Click here to take the quiz!

General Stats

  • This quiz has been taken 17 times
  • The average score is 9 of 50

Answer Stats

First NameLast NameHintLifespan% Correct
JamesVI and IKing1566-1625
73%
JamesII of EnglandKing1633-1701
67%
JackNicholsonActor / Filmmaker1937-
67%
Jackthe RipperSerial Killer1800s
60%
JessicaAlbaActress / Businesswoman1981-
47%
JakePaulYouTuber / Internet Personality / Actor / Boxer1997-
47%
JuliaRobertsActress / Producer1967-
40%
JacobZumaPresident of South Africa1942-
40%
JamesA. GarfieldU.S. President1831-1881
33%
JamesBrownSinger / Songwriter / Dancer / Musician / Record Producer / Bandleader1933-2006
33%
JuliaChildCooking Teacher / Author / TV Personality1912-2004
33%
JackKerouacNovelist1922-1969
33%
JessicaBielActress / Model / Producer / Singer1982-
27%
JessicaLangeActress1949-
27%
JuliaLouis-DreyfusActress / Comedian / Singer / Producer1961-
27%
JacobRees-MoggBritish Politician1951-
27%
JakeGyllenhaalActor / Producer1980-
20%
JackKirbyComic Book Artist / Writer / Editor1917-1994
20%
JamieLee CurtisActress / Author / Producer / Director / Activist1958-
20%
JamieRedknappFootballer / Pundit / Columnist1973-
20%
JackWhiteSinger / Songwriter / Multi-Instrumentalist / Producer1975-
20%
JamieFoxxActor / Singer-Songwriter / Comedian / TV Presenter / Record Producer1967-
13%
JasmineGuyActress / Director / Singer / Dancer1962-
13%
JoshuaJacksonActor1978-
13%
JoshuaKingFootballer1992-
13%
JessicaSimpsonSinger / Actress / Fashion Designer / Author1980-
13%
JamieVardyFootballer1987-
13%
JaydenBogleFootballer2000-
7%
JamesFrancoActor / Filmmaker / Painter / Writer1978-
7%
JoshuaKimmichFootballer1995-
7%
JakeRobertsWrestler / Actor1955-
7%
JoshuaWongActivist / Politician1996-
7%
JuliaAnnPornographic Actress / Feature Dancer1969-
0%
JasmineCephas JonesActress / Singer1989-
0%
JoshuaChamberlainCollege Professor / Union Army Brigadier General1828-1914
0%
JacobCollierMusician1994-
0%
JakeHagerWrestler / Mixed Martial Artist1982-
0%
JacobJacobsTheater & Vaudeville Director / Producer / Lyricist / Songwriter / Coupletist / Character Actor / Comic1890-1977
0%
JacobJacobsLandscape & Seascape Painter1812-1879
0%
JessicaJungSinger / Songwriter / Actress / Author / Fashion Designer1989-
0%
JamieLynn SpearsActress / Singer1991-
0%
JakeMatthewsMixed Martial Artist1994-
0%
JaydenNelsonFootballer2002-
0%
JaydenOnenFootballer2001-
0%
JasmineSandlasPlayback Singer / TV Personality / Performer / Songwriter1990-
0%
JaydenShortFootballer1996-
0%
JaydenStockleyFootballer1993-
0%
Juliathe ElderDaughter of Augustus Caesar39 BC - 14 AD
0%
JasmineThompsonSinger / Songwriter2000-
0%
JasmineVillegasSinger / Actress / Model1993-
0%

Score Distribution

Percentile by Number Answered

Percent of People with Each Score

Your Score History

You have not taken this quiz